Declaración de impacto ambiental Adenda. Proyecto turístico-recreativo, Laguna Santo Domingo, Agrícola Ariztía Ltda
Saved in:
| Corporate Author: | |
|---|---|
| Format: | Book |
| Language: | Spanish |
| Published: |
Santiago
Osorio y Echeverría Ltda
2004
|
| Subjects: | |
| Tags: |
Add Tag
No Tags, Be the first to tag this record!
|
MARC
| LEADER | 00000nam a2200000 a 4500 | ||
|---|---|---|---|
| 001 | UCK9976 | ||
| 003 | CL-VaPUC | ||
| 008 | 060623e20040800CL |||||||||||||||||spa|d | ||
| 082 | 0 | 4 | |a 363.731 |b OSO |2 21 |
| 110 | 2 | |a Osorio y Echeverría Ltda |e author |9 499953 | |
| 245 | 1 | 0 | |a Declaración de impacto ambiental Adenda. Proyecto turístico-recreativo, Laguna Santo Domingo, Agrícola Ariztía Ltda |
| 300 | |a 99 p | ||
| 942 | |c BK | ||
| 945 | |d 20060623 00:00:00 |a cmena | ||
| 260 | |a Santiago |b Osorio y Echeverría Ltda |c 2004 | ||
| 500 | |a Incluye anexos y planos | ||
| 600 | 0 | 7 | |a LAGUNA SANTO DOMINGO |2 CL-VaPUC |9 499954 |
| 600 | 0 | 7 | |a AGRICOLA ARIZTIA LTDA |2 CL-VaPUC |9 499955 |
| 650 | 0 | |a Impacto ambiental |9 262796 | |
| 650 | 0 | |a Industria turística |9 347913 | |
| 650 | 0 | |a Contaminación ambiental |9 314181 | |
| 650 | 0 | |a Protección del medio ambiente |9 257626 | |
| 583 | |a last modification |c 20060623 00:00:00 |k Rodrigo Vera | ||
| 999 | |c 316974 |d 316972 | ||
| 952 | |0 0 |1 0 |4 0 |6 363_731000000000000_OSO_2004 |7 0 |8 P |9 392616 |a BIBING |b BIBING |d 2019-11-22 |i 423801K |o 363.731 OSO 2004 |p 423801K |r 2025-01-20 |w 2019-11-22 |y BK |k CCL | ||